| 000 | 05943cam a22003974i 4500 | ||
|---|---|---|---|
| 003 | PE-LiUPU | ||
| 005 | 20250731183428.0 | ||
| 008 | 150706s r 000 0 d | ||
| 020 | _a9788425217234 | ||
| 035 | _a(Sirsi) i9788425217234 | ||
| 040 |
_aPE-LiUPU _bspa _cPE-LiUPU _erda |
||
| 049 | _aPRUA | ||
| 082 | 0 | 4 |
_a711.4 _bR89 _221 |
| 100 | 1 |
_aRuano, Miguel, _eautor. |
|
| 245 | 1 | 0 |
_aEcourbanismo : _bentornos humanos sostenibles: 60 proyectos / _cMiguel Ruano. |
| 264 | 1 |
_aBarcelona : _bGustavo Gili, _c1999. |
|
| 300 |
_a192 páginas : _bilustraciones, mapas, fotos, color, planos ; _c30 cm. |
||
| 336 |
_atext _2rdacontent |
||
| 337 |
_aunmediated _2rdamedia |
||
| 338 |
_avolume _2rdacarrier |
||
| 490 | 0 | _aAD+E | |
| 505 | 0 | _aCiudad jardín Puchenau (Linz, Austria, 1962- ), Roland Rainer Architekt -- Eurpôle Méditerranéen de l'Arbois (Arbois, Francia, 1994), Norman Foster and Partners -- Communications Hill (San José, California, 1991), Solomon architecture and planning -- Can Llobera (Barcelona, España, 1992), Miquel Roa -- Beethovenpark (Colonia, Alemania, 1994), Bödeker, Wagenfeld Partners -- Curitiba (Paraná, Brasil, 1974- ), Municipio de Curitiba -- RECURSOS -- Barrio Old Mill (Mountain View, California, 1994- ), Peter Calthorpe Assoc -- Barrio solar (Ratisbona, Alemania, 1996- ), Norman Foster and Partners -- Propuesta de Plan Direcctor IGA 2003 (Dresde, Alemania, 1995), SITE -- Hábitat simbiótico (Tokio, Japón, 1994- ), Iwamura Atelier -- Villa Olímpica (Sydney, Australia, 1992- ), Greenpeace -- Ecopueblo Anningerblick (Gunstramsdorf, Austria, 1992- ), Helmut Deubner -- Urbanización ecológica (Colonia, Alemania), Reimund Stewen -- Ciudad solar (Linz-Pichling, Austria, 1995- ), Norman Foster and Partners -- Urbanización bioclimática (Tenerife, España, 1995- ), ITER -- Eco-viviendas (Altötting, Alemania, 1993- ), Demmel+Mühlbauer, Legdobler -- Centro de Estudios Regeneradores (Pomona, California, 1976- ), John Tillman Lyle -- Ecorrenobación en Tokio (Tokio, Japón, 1994- ), Yuichiro Kodama -- Pueblo solar (Atenas, Grecia, 1989), Meletitiki-Alexandros N. Tombazis -- Parque Morra (Smallingerland, Holanda, 1989), J. Kristinson -- Barrio diplomático (Riad, Arabia Saudí, 1988), Bödeker, Wagenfeld & Partners -- Postdamer Platz (Berlín, Alemania, 1999), Renzo Piano Building Workshop -- Manheim Wallstadt-Nord (Alemania, 1987- ), Joachim Eble -- COMUNIDAD -- Tid, människor och hus (Malmö, Suecia, 1981), Nobis, Johannesson, Calsapeu -- Urbanización Ecológica Geroldsäcker (Kalsruhe, Alemania, 1994), Löffler, Schneider, Schmeling, Leicht -- Poblado urbano Blairs College Estate (Aberdeen, Reino Unido, 1994- ), John Thomson & Partners -- Cooperativa ecopueblo (Ithaca, Nueva York, 1991- ) -- Proyecto Ecociudad Halifax (Adelaida, Australia, 1992- ), Paul F. Downtown -- Riesefeld (Friburgo, almania, 1992), Lucien Kroll, Tillman Lyle, Jörn Coppijn -- Nueva Playa Vista (Los Angeles, California, 1989), varios arquitectos -- Otay Ranch (San Diego, California, 1989- ), Equipo del condado -- Centro urbano de Glendale (Glendale, Caifornia, 1995- )Moule & Polyzoides -- Kirchsteigfeld (Postdam, Alemania, 1992- ), Krier/Kohl -- Plan General para el desarrollo urbanístico (Ciudad de Washington, Misuri, 1995), Tim T. Franke -- Ecolonia (Alphen aan der Rijn, Holanda, 1993), Atelier Lucien Kroll -- Volcano Cliffs (Alburquerque, Nuevo Mexico,1996- ), Sim van der Ryn -- Celebration (Osceola, Florida, 1987), The Disney Development Co -- Subic Bay (Filipinas, 1994), Koetter, Kim and Assoc -- Williamsburg New Town (Virginia, 1995), Arenas & Ruano -- 40. Middle Farm (Poundbury, Reino Unido, 1996), Leon Krier -- Torsted Vest (Horsens, Dinamarca, 1990- ) Gruppen for by-o landskabsplanlaegning a/s -- Nuevo centro urbano (Ho Chi Minh, Vietnam, 1994- ), Koetter, Kim and Assoc.- Prairie Crossing (Garyslake, Illinois, 1987- ), Peter Walker, William Johnson & Patners -- ECOVACACIONES -- Ecoísla (Barcelona, 1993- ), Javier Barba -- Las Terrenas (República Dominicana, 1989- ), Gigantes Zenghelis -- Seven Spirit Wilderness (Arnhem, Australia, 1990), Ecosystems -- Puerto Escondido (Baja California, Mexico, 1985- ), François Spoerry -- REVITALIZACIÓN -- Nueva ciudad Feng Shui (Nara, Japón, 1994), Tsutomu Shigemura & Team Zoo -- Ecocentro de Ispra (Ispra, Italia, 1993- ), Sergio Los, Natasha Pulitzer, Severpaolo Tagliasacchi -- Hacia una Seattle Sostenible (Seattle, Washington, 1994-2014), Ayuntamiento de Seattle -- Salinas de Ostia (Roma, Italia, 1996), PRAU srl -- Bucuresti 2000 (Bucarest, Rumanía, 1996), @ kubik, Arenas, Canals, Raventós y Ruano -- Eco-estatuto (Gubbio, Italia, 1996), Massimo Bastinai -- Le-Puy-en-Velay (Francia, 1993), SITE -- Leipzig Ostraum (Leipzig, Alemania, 1989- ) Ekhart Hahn, Öko-Stadt -- &56. Landsberger Alle/Rhinstrasse (Berlín, Alemania. 1994), Daniel Libeskind -- Equipamientos universitarios (Mestre, Italia, 1995), Sergio Los, Valeriano Pastor, Natasha Pulitzer -- La Larga Muralla (Atenas, Grecia, 1990), Gigantes Zenghelis -- TELEPUEBLOS -- Colleta di Castelbianco (Savona, Italia, 1994- ), Giancarlo De Carlo -- ParcBIT (Mallorca, España, 1994- ), Richard Rogers Partnership. | |
| 526 | _aP158 | ||
| 526 | _aP146 | ||
| 526 | _aP17 | ||
| 526 | _aP12 | ||
| 526 | _aP06 | ||
| 541 | _g004-000263; | ||
| 650 | 0 | 4 |
_aUrbanismo _xAspectos ambientales. |
| 910 |
_bjv _cng _d20110601 |
||
| 942 |
_2ddc _cBOOK |
||
| 949 |
_a711.4 R89 _wDEWEY _c1 _i63035 _lCCODEBUL1 _mBUL _p114.00 _r0 _sY _tBOOK _u2015-7-6 _xINGENIERIA _PP06 _o.STAFF. Colección General |
||
| 994 |
_aC0 _bPEPRU |
||
| 596 | _a1 | ||
| 999 |
_a711.4 R89 _wDEWEY _c52050 _i63035 _d52050 _e2019-4-10 _f2021-11-9 _g7 _lCCODEBUL1 _mBUL _n4 _p114.00 _q3 _r0 _sY _tBOOK _u2015-7-6 _xINGENIERIA _PP06 _0COMPRA _o.STAFF. Colección General |
||
| 980 |
_81 _gALBERTO SANCHEZ Responsable de Automatización |
||